000
00328nam a2200133Ia 4500
005
20251222144623.0
008
251222s9999||||xx |||||||||||||| ||spa||
020
_a
968-38-0583-3
082
_a
658.5/W27
100
_a
Warren, Bennis
245
0
_a
La Organización del Siglo XXI:
264
_b
Panorama Editorial
942
_c
LIB
999
_c
16019
_d
16019